| 000 | 00352nam a22001457a 4500 | ||
|---|---|---|---|
| 003 | OSt | ||
| 005 | 20160727222356.0 | ||
| 008 | 160622b xxu||||| |||| 00| 0 eng d | ||
| 040 | _cTEST | ||
| 100 |
_9524 _aLewis, J., et al |
||
| 245 | _aGetting ready to read | ||
| 260 |
_aHoughton miffin com. _c1976 |
||
| 300 | _aGetting ready to read | ||
| 942 |
_2ddc _cBK |
||
| 999 |
_c435 _d435 |
||